000
00247nam a2200097Ia 4500
001
717657
005
20250826163008.0
008
250824s9999 xx 000 0 und d
245
0
_a
KÖSEM SULTAN
_c
AHMET HALDUN TERZİOĞLU
260
_b
PANAMA YAYINLARI
999
_c
717657
_d
717657